[Event "21st Sants Open 2019"]
[Site "Cotxeres de Sants"]
[Date "2019.08.28"]
[Round "6.5"]
[White "Santos Latasa, Jaime"]
[Black "Salinas Herrera, Pablo"]
[Result "0-1"]
[WhiteElo "2586"]
[BlackElo "2506"]
[Annotator "ChessBase"]
[PlyCount "92"]
[EventDate "2019.08.22"]
[EventType "swiss"]
[EventCountry "ESP"]
[SourceTitle "playchess.com"]
[Source "ChessBase"]
[SourceQuality "1"]
[TimeControl "40/5400+30:1800+30"]

1. d4 d5 2. c4 c6 3. Nf3 Nf6 4. e3 e6 5. b3 Nbd7 6. Bb2 Be7 7. Bd3 b6 8. O-O Bb7 9. Nc3 O-O 10. Qe2 Qc7 11. Rac1 Rad8 12. cxd5 exd5 13. Ba6 Ba8 14. Rc2 Qb8 15. Bd3 Bd6 16. Bf5 Rfe8 17. g3 Bb7 18. Rfc1 c5 19. Bh3 a6 20. Bg2 Qa8 21. a4 Nf8 22. Nb1 Ne4 23. a5 cxd4 24. Nxd4 bxa5 25. Nd2 Ne6 26. Nxe4 dxe4 27. Nxe6 Rxe6 28. Qg4 Bf8 29. Rc7 Bd5 30. Qf5 Ree8 31. Bc3 Bxb3 32. Qxa5 Rd5 33. Qa1 a5 34. Bd4 a4 35. Bh3 Red8 36. Qb1 Rxd4 37. exd4 Rxd4 38. Qb2 Qd8 39. Rc8 Qd6 40. Bf1 Be6 41. R8c6 Qd8 42. Ra6 a3 43. Qb7 Rb4 44. Qc6 a2 45. Ra8 Rb8 46. Ra6 Rc8 0-1

[Event "21st Sants Open 2019"]
[Site "Cotxeres de Sants"]
[Date "2019.08.28"]
[Round "6.6"]
[White "Harsha Bharathakoti"]
[Black "Harikrishnan.A.Ra"]
[Result "1-0"]
[WhiteElo "2489"]
[BlackElo "2411"]
[Annotator "TA"]
[PlyCount "61"]
[EventDate "2019.08.22"]
[EventType "swiss"]
[EventCountry "ESP"]
[SourceTitle "playchess.com"]
[Source "ChessBase"]
[SourceQuality "1"]

{[%evp 16,61,13,3,30,11,37,38,36,21,18,10,18,3,12,12,30,0,0,0,57,57,37,46,54,27,20,29,99,99,90,55,99,98,100,100,88,83,138,137,172,172,150,163,29982,29983,29996,29997]} 1. Nf3 d5 2. d4 Nf6 3. c4 e6 4. Nc3 Be7 5. g3 O-O 6. Bg2 c6 7. O-O Nbd7 8. b3 b6 9. Qd3 Bb7 {E07: Closed Catalan: Main Line (5 Nf3 0-0 6 0-0 Nbd7)} 10. e4 c5 $146 {[%cal Rd5e4]} ({Predecessor:} 10... dxe4 11. Nxe4 c5 12. Nxf6+ Bxf6 13. Ng5 Bxg5 14. Bxb7 Rb8 15. Bxg5 Qxg5 16. Bg2 cxd4 17. Qxd4 {0-1 (58) Ivanisevic,I (2662)-Tilicheev,V (2437) Skopje 2015}) 11. exd5 exd5 {White is slightly better.} 12. Rd1 (12. Nxd5 {feels hotter.} Nxd5 13. cxd5 Bxd5 14. Rd1 cxd4 15. Qxd4 Nf6 16. Bb2) 12... cxd4 13. Nxd4 {[%cal Rc4d5]} dxc4 14. bxc4 Bxg2 15. Kxg2 {Threatens to win with Nc6.} Qc7 16. Nf5 Ne5 17. Qe2 Bb4 (17... Rfe8 $11) 18. Nd5 $14 Nxd5 19. cxd5 Rfe8 20. Bb2 {[#] Hoping for Nxg7!} f6 21. Rac1 $36 {[%mdl 2048] White has good play.} Qd7 (21... Bc5 $11 {remains equal.}) 22. Qe4 $16 Bd6 23. h4 h5 24. Nxd6 Qxd6 25. Qf5 Qb4 26. Bd4 Rad8 ({Black should play} 26... Qa4) 27. Qxh5 Qb5 28. Bxe5 $1 Rxe5 29. Qg6 {Strongly threatening Rc7!} Rexd5 $2 {[#]} (29... Qd7 $18) 30. Rc7 $1 {[%csl Gc7,LRa7,LRg7][%cal Rg6g7][%mdl 576] Double Attack} R8d7 31. Rc8+ {Accuracy: White = 67%, Black = 25%.} 1-0

[Event "21st Sants Open 2019"]
[Site "Cotxeres de Sants"]
[Date "2019.08.28"]
[Round "6.7"]
[White "Haast, Mark"]
[Black "Song, Raymond"]
[Result "1/2-1/2"]
[WhiteElo "2413"]
[BlackElo "2471"]
[Annotator "TA"]
[PlyCount "45"]
[EventDate "2019.08.22"]
[EventType "swiss"]
[EventCountry "ESP"]
[SourceTitle "playchess.com"]
[Source "ChessBase"]
[SourceQuality "1"]

{[%evp 19,45,0,0,0,8,0,2,0,0,-27,26,26,22,25,23,14,10,8,4,-7,-7,-7,22,20,8,10,0,6]} 1. c4 Nf6 2. g3 e6 3. Bg2 d5 4. Nf3 Be7 5. O-O O-O 6. b3 b6 7. Bb2 c5 8. e3 Nc6 9. Nc3 Ba6 10. d3 Rc8 11. Qe2 {A14: English Opening: 1...e6 with b3 by White} Qc7 (11... Qd7 12. Rfd1 Rfd8 13. a3 h6 14. Rab1 Bb7 15. cxd5 Nxd5 16. Nxd5 Qxd5 17. Bc3 a5 18. Qb2 Bf8 19. d4 {½-½ (19) Fier,A (2551)-Kryvoruchko,Y (2680) Sharjah 2019}) 12. Rfd1 Rfd8 13. Rac1 Qb8 14. Ne1 Bb7 $146 ({Better is} 14... d4 15. Ne4 Qc7) ({Predecessor:} 14... d4 15. Ne4 Bb7 16. Nc2 e5 17. Nxf6+ Bxf6 18. Be4 {1-0 (56) Pfreundt,J (2273)-Sechting,M (2032) Bargteheide 2015}) 15. cxd5 $11 Nxd5 16. Nxd5 exd5 17. Bh3 Rc7 {The position is equal.} 18. d4 cxd4 19. Bxd4 Nxd4 20. exd4 Bc8 21. Rxc7 Qxc7 22. Bxc8 Rxc8 23. Nd3 1/2-1/2

[Event "21st Sants Open 2019"]
[Site "Cotxeres de Sants"]
[Date "2019.08.28"]
[Round "6.8"]
[White "Berdayes Ason, Dylan Isidro"]
[Black "Sardana, Rishi"]
[Result "0-1"]
[WhiteElo "2458"]
[BlackElo "2410"]
[Annotator "ChessBase"]
[PlyCount "76"]
[EventDate "2019.08.22"]
[EventType "swiss"]
[EventCountry "ESP"]
[SourceTitle "playchess.com"]
[Source "ChessBase"]
[SourceQuality "1"]
[TimeControl "40/5400+30:1800+30"]

1. e4 {[%emt 0:06:57]} c5 {[%emt 0:00:00]} 2. Nf3 {[%emt 0:00:17]} d6 {[%emt 0:00:00]} 3. Bb5+ {[%emt 0:00:05]} Nd7 {[%emt 0:00:00]} 4. O-O {[%emt 0:00:07]} a6 {[%emt 0:00:10]} 5. Bd3 {[%emt 0:00:04]} Ngf6 {[%emt 0:00:06]} 6. Re1 {[%emt 0:00:06]} g6 {[%emt 0:00:14]} 7. c3 {[%emt 0:00:04]} Bg7 {[%emt 0:01:27]} 8. Bc2 {[%emt 0:00:08]} O-O {[%emt 0:00:21]} 9. d4 {[%emt 0:00:03]} e5 {[%emt 0:00:07]} 10. d5 {[%emt 0:00:51]} b5 {[%emt 0:00:56]} 11. a4 {[%emt 0:00:27]} Nb6 {[%emt 0:05:17]} 12. b3 {[%emt 0:00:34]} Bd7 {[%emt 0:00:10]} 13. a5 {[%emt 0:00:12]} Nc8 {[%emt 0:00:06]} 14. c4 {[%emt 0:00:01]} Ne7 {[%emt 0:01:59]} 15. Nbd2 {[%emt 0:02:54]} b4 {[%emt 0:03:15]} 16. Nf1 {[%emt 0:02:40]} Ne8 {[%emt 0:00:33]} 17. Ra2 {[%emt 0:01:25]} f5 {[%emt 0:06:05]} 18. exf5 {[%emt 0:01:56]} gxf5 {[%emt 0:04:54]} 19. Ng3 {[%emt 0:02:25]} Ng6 {[%emt 0:19:16]} 20. Ng5 {[%emt 0:09:15]} Nf4 {[%emt 0:07:49]} 21. Bxf4 {[%emt 0:01:55]} exf4 {[%emt 0:01:08]} 22. Ne6 {[%emt 0:00:01]} Bxe6 {[%emt 0:07:46]} 23. dxe6 {[%emt 0:03:02]} Qg5 {[%emt 0:03:40]} 24. e7 {[%emt 0:14:05]} Rf7 {[%emt 0:01:24]} 25. Qd5 {[%emt 0:00:53]} fxg3 {[%emt 0:08:09]} 26. Qxa8 {[%emt 0:00:03]} gxf2+ {[%emt 0:01:35]} 27. Kxf2 {[%emt 0:00:06]} Bd4+ {[%emt 0:02:42]} 28. Kf1 {[%emt 0:00:02]} Qf4+ {[%emt 0:01:41]} 29. Qf3 {[%emt 0:00:03]} Qxh2 {[%emt 0:00:13]} 30. Re6 {[%emt 0:00:38]} Rg7 {[%emt 0:06:16]} 31. Be4 {[%emt 0:03:38]} Rg3 {[%emt 0:02:34]} 32. Bd5 {[%emt 0:02:13]} Rxf3+ {[%emt 0:00:29]} 33. gxf3 {[%emt 0:00:02]} Qg1+ {[%emt 0:00:38]} 34. Ke2 {[%emt 0:00:02]} Kh8 {[%emt 0:02:05]} 35. Rd2 {[%emt 0:00:03]} Bc3 {[%emt 0:02:31]} 36. Rd1 {[%emt 0:00:21]} Qh2+ {[%emt 0:00:27]} 37. Kd3 {[%emt 0:00:48]} Qb2 {[%emt 0:01:06]} 38. Rg1 {[%emt 0:00:23]} Qd2# {[%emt 0:00:12]} 0-1

[Event "21st Sants Open 2019"]
[Site "Cotxeres de Sants"]
[Date "2019.08.28"]
[Round "6.9"]
[White "Morales, Jhon Alexander"]
[Black "Krishna C R G"]
[Result "1/2-1/2"]
[WhiteElo "2405"]
[BlackElo "2444"]
[Annotator "TA"]
[PlyCount "90"]
[EventDate "2019.08.22"]
[EventType "swiss"]
[EventCountry "ESP"]
[SourceTitle "playchess.com"]
[Source "ChessBase"]
[SourceQuality "1"]

{[%evp 14,90,5,6,2,0,36,33,33,33,45,35,47,38,44,47,65,64,80,54,70,75,77,70,102,68,152,127,157,152,156,157,168,169,161,148,154,148,149,145,145,147,141,137,147,149,147,149,152,142,189,191,185,191,200,191,228,213,226,223,205,114,133,119,110,92,214,210,212,0,0,0,0,0,0,0,213,0,0]} 1. Nf3 Nf6 2. c4 d6 3. Nc3 e5 4. d4 Nbd7 5. Bg5 Be7 6. e3 O-O 7. Qc2 h6 8. Bh4 exd4 {A54: Old Indian Defence with Nf3, but without e4} 9. Nxd4 Ne5 10. Be2 Nc6 $146 {White is slightly better.} ({Predecessor:} 10... c6 11. Rd1 Ng6 12. Bg3 Re8 13. O-O Bf8 14. Rd2 Ne5 15. Rfd1 Qa5 16. h3 {1-0 (25) Sargissian,G (2702)-Korley,K (2412) Reykjavik 2016}) 11. Nf5 Bxf5 12. Qxf5 Qc8 13. Qxc8 Raxc8 14. Bg3 a6 15. O-O Rfe8 16. Rac1 Bd8 17. Rfd1 Rb8 18. h3 Ra8 19. b3 a5 (19... Ne5 $14) 20. Bf3 Rb8 {[#]} 21. c5 $1 dxc5 22. Na4 Ne5 23. Bxe5 Rxe5 24. Nxc5 Be7 25. Nd3 Rb5 26. Rxc7 Bd6 27. Rc4 Kf8 28. g3 Ke7 29. Bg2 g5 30. Kf1 Rd8 31. Ne1 Bb8 32. Rxd8 Kxd8 33. Nc2 Bd6 34. Nd4 Rb6 35. Nf5 Bf8 36. Ra4 Bb4 37. a3 ({White should play} 37. Nxh6 $18 Nd7 38. a3 (38. Nxf7+ Ke7 $16)) 37... Bc3 $16 38. Rc4 Rxb3 39. Bxb7 Rb1+ {[#]} (39... h5 $16) 40. Kg2 $1 $18 Be1 41. Kf1 $2 (41. Rc8+ $18 Kd7 42. Rf8) 41... Bb4+ $11 42. Ke2 Rb2+ 43. Kf1 $2 (43. Kd1 $11 Bxa3 44. Rc3) 43... Rb1+ $1 $18 44. Kg2 Be1 $1 45. Kf1 $2 (45. Rc8+ $18 Kd7 46. Rf8) 45... Bb4+ {Accuracy: White = 82%, Black = 44%.} 1/2-1/2

[Event "21st Sants Open 2019"]
[Site "Cotxeres de Sants"]
[Date "2019.08.28"]
[Round "6.10"]
[White "Lagunow, Raphael"]
[Black "Sanchez, Sebastian Felipe"]
[Result "1-0"]
[WhiteElo "2431"]
[BlackElo "2405"]
[Annotator "NA"]
[PlyCount "109"]
[EventDate "2019.08.22"]
[EventType "swiss"]
[EventCountry "ESP"]
[SourceTitle "playchess.com"]
[Source "ChessBase"]
[SourceQuality "1"]
[TimeControl "40/5400+30:1800+30"]

1. e4 {[%emt 0:00:00]} e6 {[%emt 0:21:48]} 2. d4 {[%emt 0:00:30]} d5 {[%emt 0:00:04]} 3. Nc3 {[%emt 0:00:06]} Bb4 {[%emt 0:00:07]} 4. e5 {[%emt 0:00:12]} c5 {[%emt 0:00:03]} 5. a3 {[%emt 0:00:05]} Bxc3+ {[%emt 0:00:04]} 6. bxc3 {[%emt 0:00:05]} Ne7 {[%emt 0:00:02]} 7. Qg4 {[%emt 0:00:18]} O-O {[%emt 0:00:05]} 8. Bd3 {[%emt 0:01:33]} Nbc6 {[%emt 0:00:25]} 9. Bg5 {[%emt 0:01:10]} Qa5 {[%emt 0:02:36]} 10. Ne2 {[%emt 0:06:15]} cxd4 {[%emt 0:10:18]} 11. f4 {[%emt 0:03:03]} Ng6 {[%emt 0:07:51]} 12. Qh5 {[%emt 0:23:40]} Qc7 {[%emt 0:15:35]} 13. O-O {[%emt 0:07:20]} h6 {[%emt 0:00:05]} 14. Bxh6 {[%emt 0:03:08]} gxh6 {[%emt 0:00:12]} 15. Qxh6 {[%emt 0:01:03]} Qe7 {[%emt 0:03:50]} 16. Ng3 {[%emt 0:01:59]} f5 {[%emt 0:01:10]} 17. Qxg6+ {[%emt 0:16:12]} Qg7 {[%emt 0:00:11]} 18. Qxg7+ {[%emt 0:00:26]} Kxg7 {[%emt 0:00:03]} 19. cxd4 {[%emt 0:04:12]} Nxd4 {[%emt 0:00:03]} 20. Nh5+ {[%emt 0:02:05]} Kf7 {[%emt 0:00:54]} 21. Nf6 {[%emt 0:00:07]} b6 {[%emt 0:00:14]} 22. Kf2 {[%emt 0:00:26]} Rh8 {[%emt 0:00:43]} 23. Rh1 {[%emt 0:03:05]} Bb7 {[%emt 0:00:04]} 24. h4 {[%emt 0:08:28]} Rac8 {[%emt 0:00:10]} 25. Rac1 {[%emt 0:00:18]} Rc3 {[%emt 0:01:07]} 26. h5 {[%emt 0:03:43]} Rxa3 {[%emt 0:10:15]} 27. h6 {[%emt 0:00:02]} Ra2 {[%emt 0:00:05]} 28. Ra1 {[%emt 0:05:11]} Rxa1 {[%emt 0:00:04]} 29. Rxa1 {[%emt 0:00:01]} a6 {[%emt 0:00:03]} 30. h7 {[%emt 0:03:05]} b5 {[%emt 0:00:12]} 31. g4 {[%emt 0:04:10]} Bc8 {[%emt 0:00:24]} 32. gxf5 {[%emt 0:02:01]} exf5 {[%emt 0:00:04]} 33. Rg1 {[%emt 0:00:53]} Be6 {[%emt 0:00:11]} 34. Ra1 {[%emt 0:00:26]} Bc8 {[%emt 0:00:33]} 35. Ke3 {[%emt 0:00:15]} Nc6 {[%emt 0:00:13]} 36. c3 {[%emt 0:00:03]} Ne7 {[%emt 0:02:09]} 37. Rg1 {[%emt 0:00:06]} Be6 {[%emt 0:06:04]} 38. Rg5 {[%emt 0:00:06]} Kf8 {[%emt 0:01:21]} 39. Kd4 {[%emt 0:00:42]} Kf7 {[%emt 0:00:05]} 40. Be2 {[%emt 0:00:00]} Kf8 {[%emt 0:00:00]} 41. Kc5 {[%emt 0:05:16]} Bf7 {[%emt 0:08:27]} 42. Bh5 {[%emt 0:06:00]} Bxh5 {[%emt 0:05:53]} 43. Rxh5 {[%emt 0:00:05]} Kg7 {[%emt 0:00:37]} 44. Nxd5 {[%emt 0:10:55]} Rc8+ {[%emt 0:01:40]} 45. Kd6 {[%emt 0:01:24]} Ng6 {[%emt 0:00:36]} 46. Rxf5 {[%emt 0:01:02]} Kxh7 {[%emt 0:00:15]} 47. e6 {[%emt 0:00:47]} a5 {[%emt 0:01:02]} 48. Rf7+ {[%emt 0:01:08]} Kh6 {[%emt 0:00:05]} 49. f5 {[%emt 0:00:33]} Nh4 {[%emt 0:00:23]} 50. e7 {[%emt 0:00:31]} b4 {[%emt 0:00:43]} 51. Rf8 {[%emt 0:02:42]} Nxf5+ {[%emt 0:00:23]} 52. Rxf5 {[%emt 0:00:05]} b3 {[%emt 0:00:59]} 53. Rf8 {[%emt 0:00:11]} b2 {[%emt 0:00:23]} 54. Rxc8 {[%emt 0:00:04]} b1=Q {[%emt 0:00:06]} 55. e8=Q {[%emt 0:00:05]} 1-0

[Event "21st Sants Open 2019"]
[Site "Cotxeres de Sants"]
[Date "2019.08.28"]
[Round "6.11"]
[White "Murshed, Niaz"]
[Black "Lettieri, Giuseppe"]
[Result "1/2-1/2"]
[WhiteElo "2405"]
[BlackElo "2431"]
[Annotator "TA"]
[PlyCount "106"]
[EventDate "2019.08.22"]
[EventType "swiss"]
[EventCountry "ESP"]
[SourceTitle "playchess.com"]
[Source "ChessBase"]
[SourceQuality "1"]

{[%evp 15,106,9,13,0,3,-7,-7,-7,-7,-7,-7,-8,-8,-34,-22,-54,-45,-41,-42,-43,-21,-40,-25,-26,-17,-9,-36,-8,-22,-22,-14,-212,-218,-286,0,0,0,0,0,0,15,-191,0,0,0,0,0,0,8,8,8,8,10,6,12,15,17,12,12,12,17,0,0,-6,0,0,13,10,16,13,14,10,3,3,3,2,2,0,8,0,0,0,0,0,0,0,0,0,0,0,0,0,42]} 1. d4 d5 2. c4 c6 3. Nc3 Nf6 4. e3 e6 5. Nf3 Nbd7 6. Qc2 Bd6 7. b3 O-O 8. Bb2 e5 9. cxd5 {D45: Semi-Slav: 5 e3} (9. Be2 e4 10. Nd2 Re8 11. g4 Nf8 12. h3 Be6 13. O-O-O a6 14. c5 Bc7 15. Rdg1 N6d7 16. h4 b6 17. cxb6 Nxb6 {0-1 (49) Duda,J (2717)-Wang,H (2709) Riadh 2017}) 9... cxd5 10. Nb5 Bb4+ 11. Bc3 Bxc3+ 12. Nxc3 e4 13. Nd2 Nb8 14. h3 Nc6 15. a3 {[#]} Be6 $146 ({Predecessor:} 15... Ne8 16. Be2 Qg5 {0-1 (40) Sjoberg,M (2385)-Khenkin,I (2600) Stockholm 1999}) 16. b4 Rc8 17. Qb2 Nd7 18. Be2 f5 {aiming for ...f4.} 19. g3 $1 g5 20. h4 f4 21. gxf4 gxf4 {[#]} 22. Ncxe4 $1 {[%mdl 512]} fxe3 (22... dxe4 23. Rg1+) 23. Rg1+ $2 (23. fxe3 $11 dxe4 24. Rg1+ Kh8 25. d5+ Nde5 26. dxc6 Qxh4+ 27. Kd1) 23... Kh8 $19 24. fxe3 dxe4 $2 (24... Qxh4+ $19 25. Kd1 Qh3) 25. d5+ $1 $11 {[%mdl 64] Double Attack} Nce5 26. dxe6 Qf6 $1 {[%cal Rf6f2] ( -> ...Qf2+!)} ({Not} 26... Qxh4+ $2 27. Kd1 $18) 27. Kd1 Qxe6 28. Bg4 $2 {[#]} (28. Rc1 $1 $11) 28... Qf6 $2 (28... Qg6 $1 $19 29. Rg2 {[#]} Qd6 $1 {[%mdl 512]}) 29. Bxd7 $1 {The position is equal.} Nxd7 30. Qxf6+ Nxf6 31. Rc1 Nd5 32. Rxc8 Rxc8 33. Nxe4 {Black should prevent Nd6.} Nxe3+ {[%mdl 4096] Endgame KRN-KRN} 34. Ke2 Nc2 35. Nd6 {[%cal Rd6f7]} Rc7 36. Nb5 Re7+ 37. Kd2 Ne3 38. Nd4 Nc4+ 39. Kd3 Ne5+ 40. Kc3 Rc7+ 41. Kb3 Rd7 42. Nf5 {Black must now prevent Re1.} Nf3 43. Rg4 {Nh6 is the strong threat.} h5 44. Rf4 Rd3+ 45. Kb2 b5 46. Re4 Rd5 47. Ne7 Rd2+ 48. Kc1 Rd3 49. Ng6+ Kg7 50. Nf4 Rxa3 51. Kb2 Ra4 52. Nxh5+ Kg6 53. Ng3 Nxh4 {Accuracy: White = 58%, Black = 60%.} 1/2-1/2

[Event "21st Sants Open 2019"]
[Site "Cotxeres de Sants"]
[Date "2019.08.28"]
[Round "6.12"]
[White "Valenzuela Gomez, Fernando"]
[Black "Valderrama Quiceno, Esteban Alb"]
[Result "1/2-1/2"]
[WhiteElo "2388"]
[BlackElo "2429"]
[Annotator "TA"]
[PlyCount "55"]
[EventDate "2019.08.22"]
[EventType "swiss"]
[EventCountry "ESP"]
[SourceTitle "playchess.com"]
[Source "ChessBase"]
[SourceQuality "1"]

{[%evp 11,55,59,59,35,38,31,26,12,18,26,23,0,0,0,0,0,0,0,0,-50,0,0,6,2,26,35,72,27,29,-12,55,61,100,59,81,56,59,75,89,84,67,-12,-16,-33,0,-54]} 1. e4 d5 2. exd5 Qxd5 3. Nc3 Qd6 4. d4 Nf6 5. Nf3 a6 6. g3 Bg4 7. Bg2 {B01: Scandinavian Defence} Nc6 (7... c6 8. O-O e6 9. Bf4 Qd8 10. h3 Bxf3 11. Qxf3 Bd6 12. Be5 Be7 13. g4 Nbd7 14. Bg3 O-O {½-½ (65) Pourramezanali,A (2529)-Tiviakov,S (2610) Bandar e Anzali 2019}) 8. O-O $146 ({Predecessor:} 8. Bf4 Qb4 9. O-O {½-½ (24) Korzh,L (2193)-Ben Fredj,J (2081) ICCF email 2013}) 8... O-O-O {[%cal Rc6d4]} 9. Bf4 {White has an edge.} Qb4 {[%cal Rc6d4]} 10. a3 Qc4 {[%cal Rc6d4]} 11. d5 Nxd5 12. Nxd5 Rxd5 13. Nd2 Bxd1 14. Nxc4 Rc5 15. Ne3 Be2 {[#] Threatens to win with ...g5.} 16. Rfe1 Nd4 {And now ...g5 would win.} 17. b4 Rh5 {Strongly threatening ...e5.} 18. g4 $36 {[%mdl 2048] White has good play.} Rb5 19. c4 (19. Kh1 $5 {[%cal Rc2c3]} h5 20. c4 $16) 19... Rb6 20. Bxc7 Rg6 ({Reject} 20... Kxc7 $6 21. Nd5+ Kc6 22. c5 $16) (20... Re6 $1 $11 21. Bg3 Nf3+ 22. Bxf3 Bxf3) 21. Bg3 $1 $14 e6 22. Be4 Nf3+ {[#]} 23. Kg2 $1 Nxe1+ 24. Rxe1 Rxg4 25. Nxg4 Bxg4 26. h3 (26. c5 $1 $14) 26... Bh5 $1 $11 27. c5 Be7 28. a4 {Accuracy: White = 40%, Black = 56%.} (28. c6 $11 bxc6 29. Bxc6) 1/2-1/2

[Event "21st Sants Open 2019"]
[Site "Cotxeres de Sants"]
[Date "2019.08.28"]
[Round "6.13"]
[White "Gines Esteo, Pedro Antonio"]
[Black "Grafl, Florian"]
[Result "1-0"]
[WhiteElo "2417"]
[BlackElo "2344"]
[Annotator "TA"]
[PlyCount "73"]
[EventDate "2019.08.22"]
[EventType "swiss"]
[EventCountry "ESP"]
[SourceTitle "playchess.com"]
[Source "ChessBase"]
[SourceQuality "1"]

{[%evp 9,85,34,46,0,0,-10,93,0,40,40,45,33,33,-7,-16,-16,54,0,79,69,127,109,95,126,203,205,213,169,204,36,33,33,84,97,142,75,138,97,160,74,138,85,70,67,70,65,154,155,171,3,269,288,275,221,352,314,277,281,860,859,859,843,1108,1113,1081,1028,1075,1066,1014,998,1128,1113,1021,1102,1040,873,2251,2206]} 1. d4 f5 2. c4 Nf6 3. Nc3 g6 4. h4 d6 5. h5 Nxh5 6. Rxh5 {A85: Dutch Defence: 2 c4 Nf6 3 Nc3} ({Better is} 6. e4 $14) 6... gxh5 $11 7. e4 Kd7 (7... Bg7 $11) (7... fxe4 8. Qxh5+ Kd7 9. Be2 c6 10. Nxe4 Kc7 11. Nf3 Bg7 12. c5 b5 {1-0 (47) Dreev,A (2667)-Bartel,M (2641) Dubai 2014}) 8. Qxh5 (8. e5 $16) 8... Qe8 9. Qh3 $146 ({Predecessor:} 9. Qxf5+ Kd8 10. Qf3 Qg6 11. Qd3 Bh6 12. f4 Nc6 {0-1 (59) Kareva,N (2039)-Ruckschloss,K (2312) Pardubice 2011}) 9... Kd8 10. exf5 Bg7 11. Be3 {[%mdl 1024] White has compensation.} Qf7 {White should prevent ...Nc6.} 12. Bd3 Nc6 (12... Rf8 $1 $11) 13. Nge2 (13. Nf3 $14) 13... Nb4 (13... h5 $11 {remains equal.}) 14. Be4 $16 Qxc4 (14... Bd7 $14) 15. a3 $1 {[%cal Ra3b4]} d5 16. Bb1 Nd3+ {[#]} (16... Qa6 $16) 17. Kf1 $1 $18 Nxb2 18. Ba2 $36 {[%mdl 2048] White has strong initiative.} Qc6 {With the idea ...Nc4.} 19. Nxd5 $2 (19. Bxd5 $18 Qa6 20. Qg3) 19... Nc4 $14 {[#]} 20. Nxe7 $1 {[%mdl 512]} Nxe3+ (20... Kxe7 $14 21. Bxc4 Qxc4) 21. Qxe3 $16 Qd6 22. Nd5 ({White should try} 22. Nxc8 Kxc8 23. Rb1) 22... Bh6 (22... Rf8 $142) 23. Qh3 {Threatens to win with Qh4+.} Bd7 (23... Bg5 $142) 24. Ng3 (24. Qh4+ $142 Kc8 25. Nf6 Bxf5 26. Qxh6) 24... Bf8 {[#]} 25. Ne4 (25. Kg1 $142 $1) 25... Qh6 ({Of course not} 25... Qxa3 26. Qh4+ Kc8 27. Qf6 $11) 26. Qxh6 $1 Bxh6 27. g4 $1 Rf8 (27... c6 $14 28. Ndf6 Bg7) 28. Re1 a5 29. g5 $2 (29. Kg2 $18) 29... Bg7 $2 {[%mdl 8192]} (29... Bxf5 $11 30. gxh6 Ra6) 30. f6 $18 Bh8 31. Nc5 Re8 {[#]} (31... Bh3+ $142 32. Kg1 b6) 32. Re7 $1 {[%mdl 512]} Rxe7 33. fxe7+ ({Less strong is} 33. Nxe7 b6 $14) 33... Kc8 $2 {[#]} (33... Ke8) 34. Nf6 $1 {[%mdl 512] White is clearly winning.} Bb5+ 35. Kg1 b6 36. Be6+ Kb8 {[#]} 37. a4 {Played: Be6-c4} 1-0

[Event "21st Sants Open 2019"]
[Site "Cotxeres de Sants"]
[Date "2019.08.28"]
[Round "6.14"]
[White "Bauer, Christian"]
[Black "Bobadilla Viera, Jorge Samuel"]
[Result "1-0"]
[WhiteElo "2626"]
[BlackElo "2307"]
[Annotator "TA"]
[PlyCount "107"]
[EventDate "2019.08.22"]
[EventType "swiss"]
[EventCountry "ESP"]
[SourceTitle "playchess.com"]
[Source "ChessBase"]
[SourceQuality "1"]

{[%evp 18,107,13,14,0,0,0,0,0,0,0,0,0,0,0,0,0,0,0,0,-1,-12,-14,-9,-17,-16,-12,-12,-8,-7,0,0,8,4,14,14,72,50,127,131,135,127,125,107,111,111,107,97,105,111,134,97,149,149,153,123,150,147,227,227,206,213,297,294,321,303,473,473,473,473,466,466,451,489,441,366,464,474,474,462,421,416,772,768,29967,29969,29962,29964,12079,12079,12079,12079]} 1. e4 c5 2. Nf3 d6 3. c3 Nf6 4. h3 g6 5. Bd3 Bg7 6. Bc2 O-O 7. O-O Nc6 {[%cal Bb8c6,Bc6b4,Bb4d3][%mdl 32]} 8. d4 cxd4 9. cxd4 e5 10. d5 Nb4 {B50: Sicilian: 2...d6, Miscellaneous} 11. Bb3 Nxe4 {next ...Nc5 is good for Black.} 12. Qe1 $1 {[%csl LRb4,LRe4][%mdl 64] [#] Double Attack} Nxf2 $1 {[%mdl 512] The position is equal.} 13. Qxf2 Nd3 14. Qe2 ({Predecessor:} 14. Qe3 e4 {1-0 (44) Barbarics,V (2285)-Neighbors,T (1820) LSS email 2011}) 14... e4 $146 (14... Nxc1 15. Rxc1 f5 16. Nc3 e4 17. Nd2 Bd7 18. Kh1 {0-1 (31) Yudin,S (2525)-Sychev,K (2534) Kazan 2018}) 15. Qxe4 Nxc1 16. Rxc1 {And now Nc3 would win.} Bxb2 17. Nbd2 Bf5 18. Qf4 Qf6 $1 19. Rab1 Bxb1 20. Qxf6 Bxf6 21. Rxb1 Rfe8 22. Bc2 Rec8 23. Bd3 Rc7 24. Ne4 Be7 25. g4 Rac8 26. Kg2 b6 (26... h6 $11 {remains equal.}) 27. Nd4 $36 {[%mdl 2048] Black is under pressure.} Rc1 (27... h6 $14) 28. Nc6 R8xc6 29. dxc6 Rxc6 30. Rb3 d5 31. Nc3 Rc5 32. a4 Bf6 33. Nb5 a6 34. Nd6 b5 ({Black should play} 34... Rc6) 35. axb5 axb5 36. Nxb5 Rc6 37. Ra3 h5 (37... Kf8 $16 38. Ra7 Be5) 38. gxh5 $18 gxh5 39. Ra7 d4 40. Rd7 Re6 41. Nd6 {aiming for Bc4.} Be7 (41... Re3 {was worth a try.} 42. Bc4 Kh7 43. Bxf7 Re2+ 44. Kf1 Re7 45. Rxe7 Bxe7) 42. Nf5 Kf8 43. Rc7 {Black must now prevent Rc8+.} ({Less strong is} 43. Nxe7 Rxe7 44. Rxd4 Re3 $18) 43... Bb4 44. Bc4 Re5 45. Rxf7+ Ke8 46. Ng7+ Kd8 47. Ne6+ {[%mdl 64] [#] Double Attack} Ke8 48. Rb7 Be7 49. Nxd4 h4 (49... Re4 $142 50. Bb5+ Kf7) 50. Kf3 Bc5 51. Bf7+ Kd8 52. Ne6+ Kc8 53. Rc7+ {[%mdl 64] Double Attack} Kb8 54. Rxc5 {Accuracy: White = 90%, Black = 40%.} 1-0